00238nam a2200085Ia 4500008004100000100001400041245006700055260002100122260000900143170620s9999 xx 000 0 und d aN.C.E.R.T 0aPosition Paper National Focus Group on- Educational Technology bNew Delhi- NCERT c2008